footballs promised land - Statistics

General Stats
  • This quiz has been taken 10 times
  • The average score is 25 of 43
Answer Stats
Hint Answer % Correct
5 times Birmingham
100%
1 time Newcastle
100%
3 times Cardiff
86%
3 times Charlton
86%
8 times Ipswich
86%
2 times Leeds
86%
1 time Southampton
86%
1 time Stoke
86%
3 times Sunderland
86%
1 time Swansea
86%
3 times west Ham
86%
2 times Blackpool
71%
4 times Bolton
71%
1 time Bradford
71%
1 time Bristol City
71%
1 time Burnley
71%
7 times Crystal Palace
71%
6 times Derby County
71%
2 times Hull
71%
2 times Norwich
71%
1 time Portsmouth
71%
4 times Blackburn
57%
4 times Brighton
57%
3 times Middlesbrough
57%
1 time Oldham
57%
1 time Sheffield Wednesday
57%
5 times Watford
57%
1 time Barnsley
43%
6 times Leicester City
43%
3 times Millwall
43%
3 times Nottingham Forest
43%
4 times Reading
43%
1 time Wigan
43%
5 times Wolves
43%
1 time QPR
29%
3 times Tranmere
29%
2 times WBA
29%
1 time Brentford
14%
1 time Cambridge
14%
1 time Chelsea
14%
1 time Notts County
14%
4 times Preston
14%
4 times Sheffield Utd
0%
No matching quizzes found
Score Distribution
Percent of People with Each Score
Percentile by Number Answered
Your Score History
You have not taken this quiz